Mistrzostwa Europy 2016 - Statystyki

Ogólne statystyki
  • Ten quiz został rozwiązany 376 razy
  • Średni wynik to 12 z 22
Statystyki odpowiedzi
Pozycja Portugalia % Poprawnych
N Cristiano Ronaldo
99%
BR Hugo Lloris
90%
BR Rui Patricio
85%
ŚO Pepe
84%
ŚPO Antoine Griezmann
78%
ŚPD Paul Pogba
74%
N Olivier Giroud
73%
N Nani
62%
ŚPO Renato Sanches
56%
LP Dimitri Payet
51%
ŚO Samuel Umtiti
50%
ŚPD Blaise Matuidi
47%
ŚPD William Carvalho
47%
ŚO Laurent Koscielny
40%
LO Patrice Evra
40%
ŚPD Adrien Silva
36%
ŚO Jose Fonte
34%
LO Raphael Guerreiro
32%
PO Bacary Sagna
26%
PP Moussa Sissoko
20%
ŚPO Joao Mario
19%
PO Cedric Soares
12%
Nie znaleziono quizów pasujących do podanych kryteriów
Rozkład punktacji
Procent ludzi z każdym wynikiem
Percentyl według liczby udzielonych odpowiedzi
Twoja historia wyników
Nie rozwiązałeś tego quizu